000 00367nam a22001697a 4500
003 UA-OsUOA
001 3092
007 ta
008 20050721b un ||||| |||| 00| 0 ukr d
100 _aFaivre
700 _aJean-Luc
942 _cBK
040 _aUA-OsUOA
_cUA-OsUOA
_dUA-OsUOA
245 _aLes Liaisons dangereuse. Laclos.
_bFrench
955 _a2
650 7 _2UDC
999 _c289254
_d289254